| 000 | 00723nam a22002177a 4500 | ||
|---|---|---|---|
| 005 | 20170124110107.0 | ||
| 010 | _aB-225879 | ||
| 020 |
_c195.00 _a9780195692433 |
||
| 035 | _aB-225879 | ||
| 037 | _bCen Lib/Ret | ||
| 040 |
_aDPL _bEN |
||
| 082 |
_a921 _bKHO |
||
| 245 |
_aI, Durga Khote : _ctranslated by Shanta Gokhale _ban autobiography / |
||
| 260 |
_aNew Delhi _bOxford University Press _c2006 |
||
| 270 |
_aYMCA Library Building, Jai Singh Road _bNew Delhi _e110001 |
||
| 300 |
_axxx,192p. : _c21cm(pbk) _bill. |
||
| 650 |
_aActresses -- India -- Biography _928370 |
||
| 650 |
_aKhoṭe, Durgā, -- 1905-1991 _928371 |
||
| 700 |
_aGokhale, Shanta _928369 |
||
| 942 |
_2ddc _cEN _h921 _mKHO |
||
| 999 |
_c130129 _d130129 |
||